[Event "IECC CL8-2003.21 email"]
[Site "IECC email"]
[Date "2003.10.28"]
[Round "?"]
[White "Raymond, David A"]
[Black "Smeulders, Thomas"]
[Result "1-0"]
[WhiteElo "1007"]
[BlackElo "810"]
[PlyCount "77"]
[EventDate "2003.??.??"]
[EventType "tourn (corr)"]
[EventRounds "4"]
[SourceTitle "Corr 2008"]
[Source "ChessBase"]
[SourceDate "2008.06.24"]
[SourceVersion "1"]
[SourceVersionDate "2008.06.24"]
[SourceQuality "1"]

1. e4 e5 2. Bc4 Bc5 3. Nf3 d6 4. Nc3 Nf6 5. d3 Ng4 6. d4 exd4 7. Nxd4 Qf6 8. f3 Ne5 9. f4 Nxc4 10. Nce2 Nc6 11. c3 Bg4 12. Nxc6 bxc6 13. Qa4 Kd7 14. Qxc4 Rhe8 15. e5 Qe6 16. Qxe6+ Rxe6 17. Nd4 Bxd4 18. cxd4 f6 19. 0-0 Rae8 20. f5 R6e7 21. e6+ Kc8 22. h3 Be2 23. Rf4 c5 24. dxc5 dxc5 25. Be3 g5 26. Rf2 Bd3 27. g4 c4 28. Bxa7 c6 29. Bc5 Rd7 30. exd7+ Kxd7 31. a4 Re5 32. a5 Rxc5 33. a6 Kc7 34. a7 Rb5 35. a8Q c5 36. Qa7+ Kd6 37. Ra6+ Kd5 38. Qd7+ Ke4 39. Re6# 1-0

[Event "IECC KO email"]
[Site "IECC email"]
[Date "2003.08.04"]
[Round "?"]
[White "Mottershead, Richard"]
[Black "Raymond, David A"]
[Result "1-0"]
[WhiteElo "1112"]
[BlackElo "979"]
[PlyCount "49"]
[EventDate "2003.??.??"]
[EventType "tourn (corr)"]
[EventRounds "6"]
[SourceTitle "Corr 2008"]
[Source "ChessBase"]
[SourceDate "2008.06.24"]
[SourceVersion "1"]
[SourceVersionDate "2008.06.24"]
[SourceQuality "1"]

1. e4 c6 2. d4 d5 3. Nc3 dxe4 4. Nxe4 Bf5 5. Ng3 Bg6 6. Nf3 Nd7 7. Bd3 Bxd3 8. Qxd3 Qc7 9. 0-0 0-0-0 10. a3 e6 11. c4 Ngf6 12. b4 h5 13. c5 h4 14. Ne2 Be7 15. Bf4 Ne5 16. Nxe5 Rdf8 17. Nxf7 Qxf4 18. Nxf4 Rxf7 19. Nxe6 Nd5 20. Rfe1 b5 21. cxb6 axb6 22. Rac1 Kb7 23. b5 Rh6 24. bxc6+ Kb8 25. c7+ 1-0

[Event "IECC CL8-2003.14 email"]
[Site "IECC email"]
[Date "2003.06.21"]
[Round "?"]
[White "Raymond, David A"]
[Black "Montalvan, Arturo"]
[Result "0-1"]
[WhiteElo "971"]
[BlackElo "1000"]
[PlyCount "58"]
[EventDate "2003.??.??"]
[EventType "tourn (corr)"]
[EventRounds "4"]
[SourceTitle "Corr 2008"]
[Source "ChessBase"]
[SourceDate "2008.06.24"]
[SourceVersion "1"]
[SourceVersionDate "2008.06.24"]
[SourceQuality "1"]

1. e4 c5 2. Nf3 d6 3. d4 cxd4 4. Nxd4 Nf6 5. Nc3 g6 6. Bg5 Bg7 7. Bxf6 Bxf6 8. Bb5+ Bd7 9. Bc4 Nc6 10. Nxc6 Bxc3+ 11. bxc3 Bxc6 12. Bd5 Qa5 13. Qd3 Rc8 14. 0-0 Bxd5 15. exd5 Rxc3 16. Qe4 0-0 17. h4 Rfc8 18. Qxe7 Qxd5 19. Rad1 Qc5 20. Rxd6 Rxc2 21. h5 Rd2 22. Re6 fxe6 23. Qxe6+ Kg7 24. h6+ Kxh6 25. Qe3+ Qxe3 26. fxe3 Rcc2 27. Re1 Rxg2+ 28. Kh1 Rxa2 29. e4 Rge2 0-1

[Event "IECC CL7-1999.40"]
[Site "IECC email"]
[Date "1999.10.11"]
[Round "?"]
[White "Raymond, David A"]
[Black "Leanza, Marco Antonio"]
[Result "0-1"]
[WhiteElo "995"]
[BlackElo "1164"]
[PlyCount "56"]
[EventDate "1999.??.??"]
[EventType "tourn (corr)"]
[EventRounds "4"]
[SourceTitle "Corr 2008"]
[Source "ChessBase"]
[SourceDate "2008.06.24"]
[SourceVersion "1"]
[SourceVersionDate "2008.06.24"]
[SourceQuality "1"]

1. e4 e5 2. Nf3 Nc6 3. d4 exd4 4. Nxd4 Bc5 5. Be3 Qf6 6. Bb5 Bxd4 7. Bxd4 Qxd4 8. Qxd4 Nxd4 9. Bd3 d6 10. 0-0 Nf6 11. Nd2 0-0 12. c3 Nc6 13. b4 Be6 14. c4 Nxb4 15. Be2 Nc6 16. f4 Rfe8 17. f5 Bd7 18. g4 Nxe4 19. Nxe4 Rxe4 20. Rae1 Rae8 21. Rf2 Nd4 22. Ref1 Nxe2+ 23. Kg2 Bc6 24. Kh3 h5 25. gxh5 Re3+ 26. Kh4 R8e4+ 27. Kg5 f6+ 28. Kg6 Be8# 0-1